00588 2200229 4500001002100000005001500021035002000036007000300056008004100059020001800100082001000118084001600128100002000144245006000164260003400224300002600258650001700284700002100301990001200322990001200334990001200346INLIS00000000001714620240923100202 a0010-0924000144ta240923 f 0 ind  a979-9029-93-1 a297.2 a297.2 MUH k0 aMUHAIMIN, Ahmad1 aKumpulan Doa Lengkap /cMuhaimin Ahmad, Mahmud Sya'roni aSemarang :bAneka Ilmu,c2010 axv, 284 hal. ;c21 cm 4aDO'A (ISLAM)0 aMAHMUD, Sya'roni a11843 a a11843 b a11843 a